Premier League Team of the Season 2022/23 - Statistics

General Stats
  • This quiz has been taken 1,425 times
  • The average score is 10 of 11
Answer Stats
Position Answer Club % Correct
ST Erling Haaland Manchester City
99%
RW Mohamed Salah Liverpool
98%
CM Kevin De Bruyne Manchester City
95%
CB Rúben Dias Manchester City
94%
LW Marcus Rashford Manchester United
93%
CB William Saliba Arsenal
93%
GK Aaron Ramsdale Arsenal
91%
RB Kieran Trippier Newcastle United
91%
CM Martin Ødegaard Arsenal
91%
CDM Casemiro Manchester United
89%
LB Oleksandr Zinchenko Arsenal
82%
No matching quizzes found
Score Distribution
Percent of People with Each Score
Percentile by Number Answered
Your Score History
You have not taken this quiz